02228nam a2200385 a 4500001001000000003000900010005001700019008004100036020001500077040002500092082001700117245013600134260005200270300002100322500029800343500005700641504007300698505014900771590002600920650007800946650007501024650008201099650007001181650002301251700003601274710003401310710004001344710002401384910004201408942001401450952012901464952011401593952012001707999001501827000001965DO-SdBNP20260319120903.0090630s2000 dr 000 0 spa d a9993424013 aDO-SdBNPbspacBNPHU a323.6bP221n00aPara una nueva ciudadania en América Latina :baportes desde la educación en derechos humanos /cedición Raymundo González. aSanto Domingo :bCentro Cultural Poveda,c2000. a222 p. ;c21 cm. aPonencias presentadas en el II Seminario Internacional "Globalización, identidades culturales y reformas educativas : retos para la educación en derechos humanos", organizado por el Centro Poveda, Novamérica y Yachay Tinkuy, 30-31 de marzo de 2000, Santo Domingo, República Dominicana. aEdición financiada por la Fundación W. K. Kellog aIncluye referencias bibliográficas y notas al pie de las páginas2 aGlobalización y derechos humanos -- Educación ciudadana y derechos humanos -- Identidades culturales y movimientos sociales -- Experiencias. aInventariado, 2018/BT 4aEducacion para los derechos humanosvCongresos, conferencias, etc. 96368 4aDerechos humanoszAmerica LatinavCongresos, conferencias, etc. 96369 0aDerechos políticoszAmérica LatinavCongresos, conferencias, etc. 948437 4aEducacionzAmérica LatinavCongresos, conferencias, etc. 96371 0aCiudadanía96372 aGonzález, Raymundoeed.9637322aCentro Cultural Poveda.9637422aProjeto Novaméica (Brazil).9637522aYachay Tinkuy96376 aValidado. Control de calidad. MMOLINA 2ddccLBS1 001054708DSaGRbGRcHDd2010-03-09iLF1l0o323.6 P221np1965-30r2020-06-25te. 3w2020-06-25yLFDSZPréstamo en sala 0010718PDaPDbPDcHDd2009-06-30iLF1l0o323.6 P221np1965-10r2020-06-25w2020-06-25yLFPDZNo se presta 0010718PDaPDbPDcHDd2009-06-30iLF1l0o323.6 P221np1965-20r2020-06-25te. 2w2020-06-25yLFPDZNo se presta c1831d1831